000 00672nam a2200229Ia 4500
003 OSt
005 20220928104652.0
006 a|||||r|||| 00| 0
007 ta
008 220927b |||||||| |||| 00| 0 eng d
024 _a61751
037 _cTextual
040 _aSDCL
_cSDCL
_beng
041 _2eng
_aeng
082 _a4wN12, P6
100 _aGupta Yogendra Mohan
_9411546
245 0 _aPoorn Pradakshina
_b Jagran pariwar ki or se Poorn Chandra Gupta ko samarpit shridhanshu man
260 _aKanpur
_bJagran Prakashan
_c2006
300 _a297p
_ccm.
942 _h4wN12, P6
_cTEXL
_2CC
999 _c727228
_d727228